[Event "Division Honor Aragonesa Grupo B"]
[Site "Aragon"]
[Date "2017.02.25"]
[Round "5.30"]
[White "Palacios Latasa, Elias"]
[Black "Gonzalez Gambau, Jorge"]
[Result "1-0"]
[WhiteElo "2237"]
[BlackElo "2105"]
[PlyCount "123"]
[EventDate "2017.01.28"]
[WhiteTeam "El Olivar"]
[BlackTeam "Jaque"]

1. e4 c6 2. d4 d5 3. exd5 cxd5 4. Bf4 Bf5 5. c3 e6 6. Nf3 Bd6 7. Bb5+ Nc6 8.
Bxd6 Qxd6 9. O-O Nf6 10. Nbd2 O-O 11. Re1 a6 12. Bxc6 bxc6 13. b4 Bg4 14. Qb3
Bxf3 15. Nxf3 Ne4 16. Ne5 f6 17. Nd3 Nd2 18. Qd1 Nc4 19. f4 Rfe8 20. Qh5 Re7
21. Re2 Rae8 22. Rae1 g6 23. Qg4 e5 24. f5 exd4 25. cxd4 Ne3 26. Qg3 Qxg3 27.
hxg3 Nxf5 28. Rxe7 Rxe7 29. Rxe7 Nxe7 30. g4 f5 31. g5 Kf7 32. Kf2 Nc8 33. Ne5+
Ke6 34. Nxc6 Nd6 35. Ke3 Ne4 36. Nb8 Nxg5 37. Nxa6 Kd6 38. b5 Ne4 39. a4 g5 40.
a5 f4+ 41. Kd3 g4 42. b6 Kc6 43. Nb4+ Kb7 44. Nxd5 Nd6 45. Nxf4 Ka6 46. Nd5
Kxa5 47. Ke3 Kb5 48. Kf4 h5 49. Nf6 Kxb6 50. Nxh5 Kc6 51. Kxg4 Kd5 52. Ng3 Nf7
53. Ne2 Ke4 54. Kh5 Ke3 55. g4 Kxe2 56. g5 Ke3 57. g6 Nd6 58. Kg5 Ne8 59. d5
Ke4 60. d6 Nxd6 61. g7 Nf7+ 62. Kh5 1-0

[Event "Division Honor Aragonesa Grupo B"]
[Site "Aragon"]
[Date "2017.02.25"]
[Round "5.31"]
[White "Escartin Lacasa, Jose"]
[Black "Hernando Garcia, Antonio"]
[Result "0-1"]
[WhiteElo "1974"]
[BlackElo "2185"]
[PlyCount "86"]
[EventDate "2017.01.28"]
[WhiteTeam "Jaque"]
[BlackTeam "El Olivar"]

1. d4 d5 2. Nf3 Nf6 3. Bf4 c6 4. Nbd2 Bf5 5. e3 Nbd7 6. Bd3 Bg6 7. Bxg6 hxg6 8.
h3 e6 9. O-O Be7 10. c4 O-O 11. c5 Qc8 12. b4 Bd8 13. a4 Bc7 14. Bxc7 Qxc7 15.
b5 e5 16. Nb3 e4 17. Ne1 Nh5 18. Nc2 f5 19. Nb4 Nhf6 20. Rb1 Rae8 21. Qd2 g5
22. bxc6 bxc6 23. Na6 Qc8 24. Qa5 Re7 25. Nc1 g4 26. hxg4 Nxg4 27. Ne2 g5 28.
Rb3 f4 29. exf4 gxf4 30. Rh3 Rg7 31. f3 Ne3 32. Rf2 Nc4 33. Qc7 e3 34. Rf1 Qxa6
35. Nxf4 Rc8 36. Rh8+ Kxh8 37. Ng6+ Rxg6 38. Qxd7 Nd2 39. Qh3+ Kg8 40. Re1 Re8
41. f4 Qd3 42. Qh5 Rf8 43. f5 Qxf5 0-1

[Event "Division Honor Aragonesa Grupo B"]
[Site "Aragon"]
[Date "2017.02.25"]
[Round "5.32"]
[White "Melendez Fierro, Juan Bautista"]
[Black "Uldemolins Nivela, Mateo"]
[Result "1/2-1/2"]
[WhiteElo "2134"]
[BlackElo "1942"]
[PlyCount "50"]
[EventDate "2017.01.28"]
[WhiteTeam "El Olivar"]
[BlackTeam "Jaque"]

1. e4 d6 2. d4 Nf6 3. Nc3 e5 4. dxe5 dxe5 5. Qxd8+ Kxd8 6. Bc4 Be6 7. Bxe6 fxe6
8. f3 Bc5 9. Na4 Bb4+ 10. c3 Bd6 11. Be3 Nbd7 12. b3 Ke7 13. Ne2 Rhd8 14. Nc1
b5 15. Nb2 b4 16. c4 Bc5 17. Bxc5+ Nxc5 18. Ke2 a5 19. Ncd3 Nfd7 20. Rad1 Rdb8
21. Nxc5 Nxc5 22. Nd3 Nxd3 23. Rxd3 Rd8 24. Rxd8 Rxd8 25. a4 Kf6 1/2-1/2

[Event "Preferente Aragonesa Grupo A"]
[Site "?"]
[Date "2017.02.25"]
[Round "5.33"]
[White "Lacruz Algarate, Alvaro"]
[Black "Roque Sola, Gisela"]
[Result "1-0"]
[WhiteElo "2121"]
[BlackElo "2061"]
[PlyCount "43"]
[EventDate "2017.01.28"]
[WhiteTeam "Monsalud"]
[BlackTeam "St. Casablanca C"]

1. e4 e6 2. d4 d5 3. Nc3 Nf6 4. e5 Nfd7 5. f4 c5 6. Nf3 Be7 7. Be3 b6 8. Be2
Ba6 9. Nb5 Qc8 10. O-O O-O 11. a4 Nc6 12. c3 c4 13. Ng5 Na5 14. Bg4 g6 15. Nxe6
Nxe5 16. fxe5 fxe6 17. Rxf8+ Bxf8 18. Qf3 Qd7 19. Bxe6+ Qxe6 20. Nc7 Qd7 21.
Nxa6 Bg7 22. Nb4 1-0

[Event "Preferente Aragonesa Grupo A"]
[Site "?"]
[Date "2017.02.25"]
[Round "5.34"]
[White "Antonano Fedz-Quincoces, Aveli"]
[Black "Accattato Martin, Nicola"]
[Result "1-0"]
[WhiteElo "1949"]
[BlackElo "2018"]
[PlyCount "41"]
[EventDate "2017.01.28"]
[WhiteTeam "St. Casablanca C"]
[BlackTeam "Monsalud"]

1. e4 d6 2. d4 Nf6 3. Nc3 Nbd7 4. f4 e5 5. Nf3 g6 6. fxe5 dxe5 7. dxe5 Ng4 8.
Bg5 Be7 9. Bxe7 Qxe7 10. Nd5 Qd8 11. Qd4 O-O 12. h3 c5 13. Qc3 Ngxe5 14. Nxe5
Qh4+ 15. Kd1 Qxe4 16. Ne7+ Kg7 17. Nxd7+ f6 18. Nxf8 Bg4+ 19. hxg4 Rd8+ 20. Bd3
Qxg4+ 21. Kc1 1-0

[Event "Preferente Aragonesa Grupo A"]
[Site "?"]
[Date "2017.02.25"]
[Round "5.35"]
[White "Soriano Gracia, Manuel"]
[Black "Arjol Lopez, Daniel"]
[Result "1/2-1/2"]
[WhiteElo "1984"]
[BlackElo "1927"]
[PlyCount "111"]
[EventDate "2017.01.28"]
[WhiteTeam "Monsalud"]
[BlackTeam "St. Casablanca C"]

1. e4 c5 2. Nf3 g6 3. d4 cxd4 4. Nxd4 Bg7 5. c3 Nc6 6. Be3 Nf6 7. Nd2 O-O 8.
Be2 d5 9. Nxc6 bxc6 10. e5 Nd7 11. f4 a5 12. Nb3 a4 13. Nd4 Qc7 14. O-O e6 15.
Qc2 Ba6 16. c4 Rfc8 17. Rac1 Qb7 18. Rfd1 c5 19. Nf3 d4 20. Bf2 Qc7 21. Nd2 Bb7
22. Ne4 Bxe4 23. Qxe4 Rab8 24. Rc2 Qc6 25. Bf3 Qxe4 26. Bxe4 Rb6 27. Be1 Rcb8
28. Rb1 Ra6 29. Re2 Bh6 30. g3 Bf8 31. Kf2 Be7 32. Kf3 Bd8 33. Bd3 Ba5 34. Bxa5
Rxa5 35. g4 a3 36. b3 Rb6 37. Rg1 Nb8 38. f5 Na6 39. h4 Nb4 40. Bb1 Ra7 41. Ke4
Rd7 42. Rd2 Rb8 43. f6 h6 44. g5 h5 45. Bd3 Kf8 46. Ra1 Ke8 47. Rb1 Kd8 48. Re2
Kc7 49. Rd2 Kb6 50. Rf2 Ka5 51. Re2 Re8 52. Rc1 Kb6 53. Rb1 Ka5 54. Rc1 Ka6 55.
Rb1 Kb6 56. Rc1 1/2-1/2

[Event "Preferente Aragonesa Grupo A"]
[Site "?"]
[Date "2017.02.25"]
[Round "5.36"]
[White "Solanas Godes, Beatriz"]
[Black "Miranda Garcia, Eduardo"]
[Result "0-1"]
[WhiteElo "1813"]
[BlackElo "1844"]
[PlyCount "100"]
[EventDate "2017.01.28"]
[WhiteTeam "St. Casablanca C"]
[BlackTeam "Monsalud"]

1. e4 d6 2. d4 Nf6 3. Nc3 g6 4. Nf3 Bg7 5. h3 O-O 6. Be3 c6 7. Qd2 b5 8. a3 Bb7
9. Bh6 a6 10. Bxg7 Kxg7 11. Rd1 Nbd7 12. Be2 c5 13. e5 Ne4 14. Nxe4 Bxe4 15.
exd6 exd6 16. dxc5 Nxc5 17. Qxd6 Qxd6 18. Rxd6 Bxc2 19. Rc6 Rac8 20. Rxc8 Rxc8
21. O-O Bd3 22. Bxd3 Nxd3 23. b3 Rc3 24. Nd4 Nc1 25. b4 Nd3 26. Ra1 Kf6 27. Ne2
Rc2 28. Kf1 Ke5 29. Rd1 Ke4 30. Ng3+ Kd4 31. Ne2+ Kc4 32. g3 Ra2 33. Rxd3 Kxd3
34. Nc1+ Kc2 35. Nxa2 Kb2 36. Nc1 Kxc1 37. Ke2 Kb2 38. Kd3 Kxa3 39. Kc3 Ka4 40.
h4 a5 41. bxa5 Kxa5 42. Kb3 b4 43. g4 Kb5 44. f3 f5 45. gxf5 gxf5 46. h5 h6 47.
f4 Kc5 48. Kc2 Kc4 49. Kb2 b3 50. Kc1 Kc3 0-1

[Event "Preferente Aragonesa Grupo A"]
[Site "?"]
[Date "2017.02.25"]
[Round "5.37"]
[White "Colas Longares, Rafael P"]
[Black "Felez Casedas, Carlos"]
[Result "1/2-1/2"]
[WhiteElo "2318"]
[BlackElo "2003"]
[PlyCount "92"]
[EventDate "2017.01.28"]
[WhiteTeam "SMA Barbastro"]
[BlackTeam "L'Aurora Estadilla B"]

1. e4 e5 2. Nc3 Nf6 3. g3 Bc5 4. Bg2 Nc6 5. d3 d6 6. Na4 Bg4 7. Qd2 Qe7 8. h3
Bd7 9. Nxc5 dxc5 10. Ne2 Nd4 11. O-O O-O-O 12. Nxd4 cxd4 13. f4 Nh5 14. Qf2 Kb8
15. Bd2 Rhf8 16. Qf3 g6 17. fxe5 Qxe5 18. Bh6 Nxg3 19. Rf2 Nh5 20. Bxf8 Rxf8
21. Raf1 Ng3 22. Re1 Nh5 23. Rff1 Bc6 24. Qf2 a6 25. Qd2 Bd7 26. Qh6 Rd8 27.
Rxf7 Bxh3 28. Qd2 Be6 29. Rxh7 Nf4 30. Qf2 g5 31. Bf1 Rf8 32. Qh2 Qa5 33. Qh6
Qxe1 34. Qxf8+ Bc8 35. Rh2 Qg3+ 36. Rg2 Nxg2 37. Bxg2 g4 38. Qf2 Qe5 39. Kf1
Qg5 40. Qxd4 g3 41. Kg1 Qc1+ 42. Bf1 Qxc2 43. Bg2 Qd1+ 44. Bf1 Qd2 45. Bg2 Qd1+
46. Bf1 Qd2 1/2-1/2

[Event "Preferente Aragonesa Grupo A"]
[Site "?"]
[Date "2017.02.25"]
[Round "5.38"]
[White "Pellicer Cemeli, Jose Luis"]
[Black "Lafarga Santorroman, David"]
[Result "1/2-1/2"]
[WhiteElo "1967"]
[BlackElo "2200"]
[PlyCount "69"]
[EventDate "2017.01.28"]
[WhiteTeam "L'Aurora Estadilla B"]
[BlackTeam "SMA Barbastro"]

1. d4 Nf6 2. c4 e6 3. Nf3 b6 4. g3 Bb7 5. Bg2 c5 6. O-O cxd4 7. Qxd4 Nc6 8. Qd1
Be7 9. Nc3 d6 10. b3 O-O 11. Bb2 a6 12. e3 Ra7 13. Qe2 Qa8 14. Rfd1 Ne5 15.
Nxe5 Bxg2 16. f3 Bh3 17. Nd3 Bf5 18. e4 Bg6 19. Nf4 Nd7 20. Nxg6 hxg6 21. Na4
Qc6 22. Bd4 Rb7 23. Rd2 Rd8 24. Rad1 Rbb8 25. Kg2 Nc5 26. Nxc5 bxc5 27. Bc3 Bf6
28. Qe3 Qc7 29. Bxf6 gxf6 30. Qf4 Kg7 31. Rxd6 Qa5 32. Rxd8 Rxd8 33. Rxd8 Qxd8
34. Qe3 Qa5 35. a4 1/2-1/2

[Event "Preferente Aragonesa Grupo A"]
[Site "?"]
[Date "2017.02.25"]
[Round "5.39"]
[White "Garcia Vicente, Nieves"]
[Black "Puertolas Serena, Arturo"]
[Result "1/2-1/2"]
[WhiteElo "2172"]
[BlackElo "1832"]
[PlyCount "87"]
[EventDate "2017.01.28"]
[WhiteTeam "SMA Barbastro"]
[BlackTeam "L'Aurora Estadilla B"]

1. d4 d5 2. c4 c6 3. Nc3 Nf6 4. e3 Bg4 5. Nf3 e6 6. Qb3 Qb6 7. c5 Qxb3 8. axb3
Bxf3 9. gxf3 e5 10. b4 Nbd7 11. b5 Be7 12. b4 O-O 13. bxc6 bxc6 14. Be2 Ne8 15.
b5 exd4 16. exd4 Bf6 17. Be3 Nxc5 18. bxc6 Nc7 19. O-O N5e6 20. Rfd1 Rfb8 21.
Ra5 Rb6 22. Nxd5 Nxd5 23. Rxd5 Rxc6 24. Ra5 Rd6 25. d5 Bd8 26. Rxa7 Rxa7 27.
Bxa7 Nf4 28. Bc4 Rg6+ 29. Kh1 Bc7 30. Bc5 Bd6 31. Bxd6 Rxd6 32. Kg1 Kf8 33. Kf1
Ke7 34. Rd4 g5 35. h4 h6 36. hxg5 hxg5 37. Ke1 Rb6 38. d6+ Rxd6 39. Rxd6 Kxd6
40. Bxf7 Ke5 41. Kd2 Kd4 42. Bb3 Nd3 43. Be6 Nxf2 44. Bf5 1/2-1/2

[Event "Preferente Aragonesa Grupo A"]
[Site "?"]
[Date "2017.02.25"]
[Round "5.40"]
[White "Rodriguez Avellanas, Jose Manu"]
[Black "Guetas Sanchez, Hugo"]
[Result "0-1"]
[WhiteElo "1730"]
[BlackElo "2131"]
[PlyCount "68"]
[EventDate "2017.01.28"]
[WhiteTeam "L'Aurora Estadilla B"]
[BlackTeam "SMA Barbastro"]

1. c4 b6 2. Nc3 Bb7 3. Nf3 f5 4. d4 Nf6 5. e3 e6 6. a3 a5 7. Be2 Be7 8. O-O O-O
9. b3 Ne4 10. Bb2 Bf6 11. Nd2 Nxc3 12. Bxc3 c5 13. Bf3 Nc6 14. Nb1 f4 15. d5
Bxc3 16. Nxc3 Ne5 17. e4 Qf6 18. Nb5 Ba6 19. Nc7 Ra7 20. Nxa6 Rxa6 21. a4 g5
22. h3 Ra7 23. Qe2 exd5 24. exd5 d6 25. Qc2 Rg7 26. Bg4 Nxg4 27. hxg4 f3 28.
Rfe1 fxg2 29. Qe2 Re7 30. Qd2 Ref7 31. Ra2 Qh6 32. Kxg2 Qh4 33. Re4 Rf3 34. Qe1
Rh3 0-1

[Event "Preferente Aragonesa Grupo A"]
[Site "?"]
[Date "2017.02.25"]
[Round "5.41"]
[White "Accattato Martin, Mario"]
[Black "Malo Guillen, Jose Luis"]
[Result "1/2-1/2"]
[WhiteElo "2251"]
[BlackElo "2118"]
[PlyCount "66"]
[EventDate "2017.01.28"]
[WhiteTeam "Monzon"]
[BlackTeam "Las Fuentes"]

1. e4 e5 2. Nc3 Nf6 3. g3 h5 4. h3 Bc5 5. Bg2 Nc6 6. d3 d6 7. Bg5 Be6 8. Nd5
Bxd5 9. exd5 Ne7 10. Qf3 Nfg8 11. Ne2 Qd7 12. d4 exd4 13. O-O-O f6 14. Bd2 g5
15. h4 g4 16. Qb3 O-O-O 17. Nf4 Re8 18. Rhe1 Bb6 19. Re6 c5 20. Rde1 Rf8 21.
Bf1 Rh7 22. Bd3 f5 23. Bb5 Qd8 24. R6e2 Kb8 25. Ne6 Qc8 26. Nxf8 Qxf8 27. Re6
Nf6 28. Bg5 Ne4 29. Bd3 Nc8 30. Bxe4 fxe4 31. Bf4 c4 32. Qb5 Rc7 33. R6xe4 c3
1/2-1/2

[Event "Preferente Aragonesa Grupo A"]
[Site "?"]
[Date "2017.02.25"]
[Round "5.42"]
[White "Querol Soro, Sergio"]
[Black "Citoler Serrat, Adriano"]
[Result "1/2-1/2"]
[WhiteElo "1959"]
[BlackElo "1901"]
[PlyCount "58"]
[EventDate "2017.01.28"]
[WhiteTeam "Las Fuentes"]
[BlackTeam "Monzon"]

1. Nf3 d5 2. g3 Nf6 3. Bg2 c5 4. d4 Nc6 5. O-O e6 6. c4 dxc4 7. Qa4 Bd7 8. Qxc4
cxd4 9. Nxd4 Nxd4 10. Qxd4 Bc6 11. Bxc6+ bxc6 12. Qa4 Qb6 13. Na3 Bc5 14. Bg5
O-O 15. Bxf6 gxf6 16. Rac1 f5 17. Nc4 Qb5 18. Qc2 Bd4 19. b3 Rfd8 20. Rfd1 a5
21. e3 Bc5 22. a4 Qb4 23. Rxd8+ Rxd8 24. Ne5 Bxe3 25. fxe3 Rd2 26. Qxc6 Kg7 27.
Qc3 Rd1+ 28. Kf2 Rxc1 29. Qxc1 Qxb3 1/2-1/2

[Event "Preferente Aragonesa Grupo A"]
[Site "?"]
[Date "2017.02.25"]
[Round "5.43"]
[White "Hidalgo Gracia, Andres"]
[Black "Alonso Blasco, Jose Miguel"]
[Result "0-1"]
[WhiteElo "1797"]
[BlackElo "1952"]
[PlyCount "94"]
[EventDate "2017.01.28"]
[WhiteTeam "Monzon"]
[BlackTeam "Las Fuentes"]

1. c4 Nf6 2. Nf3 e6 3. d4 Bb4+ 4. Bd2 Qe7 5. a3 Bxd2+ 6. Nbxd2 d6 7. e3 O-O 8.
Be2 e5 9. d5 a5 10. O-O a4 11. b4 axb3 12. Nxb3 Bd7 13. Qb1 b6 14. h3 Ba4 15.
Nfd2 Na6 16. Bd1 Nd7 17. Nc1 Nac5 18. Ne2 Bxd1 19. Rxd1 Na4 20. Ne4 f5 21. N4c3
Ndc5 22. Nb5 Rf7 23. Qc2 Qh4 24. Rac1 Ne4 25. Rf1 Nac5 26. Nec3 Raf8 27. Ra1
Nxc3 28. Qxc3 f4 29. exf4 Rxf4 30. g3 Qg5 31. Qe3 Qg6 32. Qe2 R4f7 33. Ra2 Ne4
34. Qg4 Ng5 35. Kg2 h5 36. Qe2 Ne4 37. Qe3 h4 38. g4 Ng5 39. Rh1 Rf3 40. Qe1
Nxh3 41. Rxh3 Qxg4+ 42. Rg3 hxg3 43. fxg3 Qxc4 44. Rb2 Rf1 45. Qe3 Qxd5+ 46.
Kh3 Rh1+ 47. Kg4 Qe6+ 0-1

[Event "Preferente Aragonesa Grupo A"]
[Site "?"]
[Date "2017.02.25"]
[Round "5.44"]
[White "Javierre Conesa, Alfonso"]
[Black "Barranco Mananet, Fernando"]
[Result "0-1"]
[WhiteElo "1906"]
[BlackElo "1787"]
[PlyCount "84"]
[EventDate "2017.01.28"]
[WhiteTeam "Las Fuentes"]
[BlackTeam "Monzon"]

1. d4 Nf6 2. Nf3 e6 3. c4 d5 4. Nc3 Bb4 5. e3 O-O 6. a3 Bxc3+ 7. bxc3 c6 8. Bd3
Nbd7 9. Qc2 Qc7 10. O-O b6 11. cxd5 cxd5 12. Bb2 Bb7 13. Rfc1 Rfc8 14. Qe2 h6
15. Rc2 Bc6 16. a4 Rab8 17. c4 dxc4 18. Rxc4 Qb7 19. Rac1 Be4 20. Ba3 Rxc4 21.
Rxc4 Bxd3 22. Qxd3 Rc8 23. Qc3 Rxc4 24. Qxc4 Qd5 25. Qc2 Qe4 26. Ne1 Qxc2 27.
Nxc2 Ne4 28. Bb4 a5 29. Be1 Nd6 30. Na3 Kf8 31. Kf1 Ke7 32. Ke2 e5 33. f3 exd4
34. exd4 Ke6 35. Kd3 Kd5 36. Bf2 g5 37. g4 f5 38. h3 f4 39. h4 Nb8 40. hxg5
hxg5 41. Be1 Nc6 42. Bd2 Nxd4 0-1

[Event "Preferente Aragonesa Grupo A"]
[Site "?"]
[Date "2017.02.25"]
[Round "5.45"]
[White "Delgado Crespo, Mairelys"]
[Black "Manguez Tomas, Andres"]
[Result "1-0"]
[WhiteElo "2261"]
[BlackElo "2007"]
[PlyCount "91"]
[EventDate "2017.01.28"]
[WhiteTeam "Jaime Casas B"]
[BlackTeam "Agrupacion C"]

1. e4 e5 2. Nf3 Nc6 3. Bb5 a6 4. Bxc6 dxc6 5. O-O Bd6 6. d4 Bg4 7. dxe5 Bxf3 8.
Qxf3 Bxe5 9. Nd2 Qf6 10. Qxf6 Bxf6 11. Nf3 O-O-O 12. c3 g6 13. Bf4 Ne7 14. Rad1
h6 15. Rxd8+ Kxd8 16. Be5 Bxe5 17. Nxe5 Ke8 18. Rd1 f6 19. Nd7 Kf7 20. Nc5 b6
21. Nb7 f5 22. Nd8+ Ke8 23. exf5 Nxf5 24. Nxc6 Kf7 25. Ne5+ Kf6 26. f4 Nd6 27.
g3 g5 28. Ng4+ Kf5 29. Ne3+ Ke4 30. Kf2 gxf4 31. gxf4 Kxf4 32. Nd5+ Kg5 33.
Nxc7 Rf8+ 34. Ke2 Rf6 35. Nxa6 Nc4 36. Rd5+ Kg6 37. b3 Re6+ 38. Kf3 Ne3 39. Rd3
Nf5 40. Nc7 Re1 41. Nd5 Rf1+ 42. Kg2 Re1 43. a4 Re5 44. Nxb6 Re2+ 45. Kh3 Ne3
46. Nd5 1-0

[Event "Preferente Aragonesa Grupo A"]
[Site "?"]
[Date "2017.02.25"]
[Round "5.46"]
[White "Larrosa Poves, Jose Manuel"]
[Black "Inglan Bielsa, Fernando"]
[Result "1/2-1/2"]
[WhiteElo "1978"]
[BlackElo "2081"]
[PlyCount "62"]
[EventDate "2017.01.28"]
[WhiteTeam "Agrupacion C"]
[BlackTeam "Jaime Casas B"]

1. d4 Nf6 2. c4 g6 3. Nc3 d5 4. cxd5 Nxd5 5. e4 Nxc3 6. bxc3 Bg7 7. Nf3 O-O 8.
Be3 c5 9. Rc1 Qa5 10. Qd2 Bg4 11. Be2 Nc6 12. d5 Bxf3 13. gxf3 Rad8 14. c4
Qxd2+ 15. Bxd2 Nd4 16. f4 e6 17. Be3 f5 18. Bxd4 Bxd4 19. e5 Kh8 20. dxe6 Rfe8
21. Bf3 Rxe6 22. h4 Rb6 23. O-O Rb2 24. Rb1 Bxf2+ 25. Kg2 Bd4+ 26. Rxb2 Bxb2
27. Bxb7 Rd3 28. Bd5 Kg7 29. Rf3 Rxf3 30. Kxf3 h6 31. Be6 Bc3 1/2-1/2

[Event "Preferente Aragonesa Grupo A"]
[Site "?"]
[Date "2017.02.25"]
[Round "5.47"]
[White "Maza Broto, Pablo"]
[Black "Lopez Guaita, Fernando"]
[Result "1-0"]
[WhiteElo "2022"]
[BlackElo "1925"]
[PlyCount "93"]
[EventDate "2017.01.28"]
[WhiteTeam "Jaime Casas B"]
[BlackTeam "Agrupacion C"]

1. d4 d5 2. Nf3 Nf6 3. c4 e6 4. g3 Be7 5. Bg2 O-O 6. O-O c6 7. Qc2 Ne4 8. b3 f5
9. Ba3 Bd7 10. Bxe7 Qxe7 11. Nc3 Be8 12. Ne5 Nd7 13. Nxd7 Qxd7 14. Nxe4 fxe4
15. Qd2 Qe7 16. f3 exf3 17. exf3 dxc4 18. bxc4 Rd8 19. Qe3 Qf6 20. Rad1 Bh5 21.
Rd2 Rd7 22. Bh3 Bf7 23. Rfd1 Rfd8 24. f4 Re7 25. Qe5 Qh6 26. Bg4 Qg6 27. Bf3
Red7 28. Kf2 Qf6 29. Ke3 Qh6 30. h4 Rd6 31. h5 Qf6 32. g4 b6 33. Qxf6 gxf6 34.
c5 bxc5 35. dxc5 Rxd2 36. Rxd2 Rxd2 37. Kxd2 e5 38. fxe5 fxe5 39. Bxc6 h6 40.
Bd7 Kf8 41. a3 Ke7 42. Bf5 Bd5 43. Ke3 Bc6 44. Be4 Bd7 45. Kf3 Kd8 46. g5 hxg5
47. h6 1-0

[Event "Preferente Aragonesa Grupo A"]
[Site "?"]
[Date "2017.02.25"]
[Round "5.48"]
[White "Serrat Claver, David"]
[Black "Rodriguez Leiva, Manuel"]
[Result "0-1"]
[WhiteElo "1849"]
[BlackElo "1974"]
[PlyCount "66"]
[EventDate "2017.01.28"]
[WhiteTeam "Agrupacion C"]
[BlackTeam "Jaime Casas B"]

1. e4 e5 2. Nf3 Nc6 3. d4 exd4 4. Nxd4 Nxd4 5. Qxd4 Nf6 6. Nc3 d6 7. Bg5 Be7 8.
O-O-O O-O 9. h3 h6 10. Bxf6 Bxf6 11. Qe3 Be6 12. f4 Qe8 13. Bb5 c6 14. Be2 Qb8
15. h4 b5 16. g4 b4 17. Na4 c5 18. g5 Bd4 19. Rxd4 cxd4 20. Qxd4 h5 21. Bxh5
Rc8 22. f5 Bxa2 23. Kd2 Qc7 24. Qd3 d5 25. b3 Qf4+ 26. Ke2 Re8 27. Bxf7+ Kxf7
28. Qxd5+ Kf8 29. Nc5 Rad8 30. Ne6+ Rxe6 31. Qxd8+ Re8 32. Qd3 Rxe4+ 33. Kd1
Rd4 0-1

[Event "Preferente Aragonesa Grupo A"]
[Site "?"]
[Date "2017.02.25"]
[Round "5.49"]
[White "Vallverdu Miret, Oscar"]
[Black "Gracia Campo, Carlos Alberto"]
[Result "1-0"]
[WhiteElo "2071"]
[BlackElo "2082"]
[PlyCount "113"]
[EventDate "2017.01.28"]
[WhiteTeam "Fraga"]
[BlackTeam "El Olivar B"]

1. d4 Nf6 2. Bg5 g6 3. Bxf6 exf6 4. g3 Bg7 5. Bg2 O-O 6. e3 d5 7. Ne2 Re8 8.
O-O c6 9. Nd2 Bg4 10. h3 Bxe2 11. Qxe2 f5 12. Qd3 Nd7 13. c4 dxc4 14. Nxc4 Nc5
15. Qc2 Ne4 16. Bxe4 fxe4 17. b4 Qd7 18. Kg2 Rac8 19. Rac1 Rc7 20. Rfd1 Qd5 21.
Na5 Bf8 22. a3 Rec8 23. Rd2 Bd6 24. Nc4 Be7 25. Qd1 f6 26. Qe2 Kf7 27. Rdc2 Ke8
28. Rc3 h5 29. Qc2 Qf5 30. Nd2 a5 31. bxa5 Qxa5 32. Qxe4 Qf5 33. Qxf5 gxf5 34.
Nc4 Rd8 35. Nb6 Kf7 36. Kf3 Bd6 37. Rb3 Re7 38. a4 h4 39. gxh4 Rh8 40. Rh1 Bb8
41. d5 cxd5 42. Nxd5 Rd7 43. Rhb1 Rxd5 44. Rxb7+ Kg6 45. Rxb8 Rxh4 46. R1b7
Rxa4 47. Rg8+ Kh6 48. Rgg7 f4 49. Rh7+ Kg6 50. Rbg7+ Kf5 51. e4+ Rxe4 52. Rh5+
Ke6 53. Rxd5 Kxd5 54. Rd7+ Ke6 55. Kxe4 Kxd7 56. Kxf4 Ke6 57. Ke4 1-0

[Event "Preferente Aragonesa Grupo A"]
[Site "?"]
[Date "2017.02.25"]
[Round "5.50"]
[White "Veras Sanz, Marino"]
[Black "Aribau Rivas, Miguel Angel"]
[Result "1-0"]
[WhiteElo "2044"]
[BlackElo "2030"]
[PlyCount "133"]
[EventDate "2017.01.28"]
[WhiteTeam "El Olivar B"]
[BlackTeam "Fraga"]

1. d4 Nf6 2. Nf3 g6 3. g3 Bg7 4. Bg2 O-O 5. O-O d6 6. c4 Nbd7 7. Nc3 e5 8. h3
c6 9. e4 Re8 10. Re1 Qc7 11. Be3 exd4 12. Nxd4 Nc5 13. Qc2 a5 14. b3 Bd7 15.
Rad1 Rad8 16. Rd2 Bc8 17. Red1 Qe7 18. f3 d5 19. cxd5 cxd5 20. Ndb5 b6 21. Nxd5
Nxd5 22. Rxd5 Rxd5 23. Rxd5 Be6 24. Bxc5 bxc5 25. Rxc5 Bf8 26. Rc3 Qg5 27. Nc7
Rc8 28. f4 Qd8 29. Nxe6 Rxc3 30. Qxc3 fxe6 31. Qc4 Qb6+ 32. Kh2 Kg7 33. e5 Bc5
34. h4 Kf8 35. Qe4 Be7 36. Qa8+ Kg7 37. Qb7 Qc5 38. Qc6 Kf7 39. Qxc5 Bxc5 40.
h5 Be3 41. Kh3 g5 42. Kg4 gxf4 43. gxf4 h6 44. f5 exf5+ 45. Kxf5 Bd2 46. Bd5+
Ke7 47. a3 Bc3 48. Ke4 Kd7 49. Bc4 Bd2 50. Kd5 Be1 51. Kc5 Bf2+ 52. Kb5 Be1 53.
b4 axb4 54. axb4 Bc3 55. e6+ Kd6 56. Bb3 Bd2 57. Ka4 Be3 58. b5 Bb6 59. Kb4 Bd8
60. Kc3 Kc5 61. Bc4 Bf6+ 62. Kd3 Bd8 63. Ke4 Kd6 64. Kf5 Bg5 65. Kg6 Ke7 66. b6
Bf4 67. b7 1-0

[Event "Preferente Aragonesa Grupo A"]
[Site "?"]
[Date "2017.02.25"]
[Round "5.51"]
[White "Alsina Franco, Sergio"]
[Black "Bayod Rubia, Angel"]
[Result "1-0"]
[WhiteElo "1875"]
[BlackElo "2014"]
[PlyCount "85"]
[EventDate "2017.01.28"]
[WhiteTeam "Fraga"]
[BlackTeam "El Olivar B"]

1. e4 e5 2. Nf3 Nc6 3. Bc4 Be7 4. d4 d6 5. Nc3 Nf6 6. Bb5 exd4 7. Bxc6+ bxc6 8.
Nxd4 Bd7 9. Qf3 c5 10. Nf5 Bxf5 11. Qxf5 O-O 12. O-O Rb8 13. b3 g6 14. Qf3 Nd7
15. Nd5 Bh4 16. Bb2 c6 17. Ne3 Bf6 18. Bxf6 Nxf6 19. e5 dxe5 20. Qxc6 Rc8 21.
Qa6 Qb6 22. Qe2 Rce8 23. Rfd1 Nh5 24. g3 Qe6 25. Rd5 f5 26. Rxc5 Kh8 27. Nc4 e4
28. Re5 Qf6 29. f4 Rxe5 30. Nxe5 g5 31. Qxh5 gxf4 32. gxf4 Qb6+ 33. Kf1 Rg8 34.
Nf7+ Kg7 35. Rd1 e3 36. Qg5+ Qg6 37. Rd7 Qxg5 38. Nxg5+ Kg6 39. Rxa7 h6 40.
Ra6+ Kh5 41. Nf3 Kg4 42. Ke2 Re8 43. Rxh6 1-0

[Event "Preferente Aragonesa Grupo A"]
[Site "?"]
[Date "2017.02.25"]
[Round "5.52"]
[White "Bailo Remacha, Santiago"]
[Black "Casas Chine, German"]
[Result "1-0"]
[WhiteElo "1957"]
[BlackElo "1807"]
[PlyCount "59"]
[EventDate "2017.01.28"]
[WhiteTeam "El Olivar B"]
[BlackTeam "Fraga"]

1. d4 Nf6 2. c4 g6 3. b3 Bg7 4. Bb2 O-O 5. Nf3 d6 6. g3 c5 7. Bg2 Nc6 8. d5 Nb4
9. a3 Na6 10. O-O Rb8 11. Nc3 Ne4 12. Qc1 Nxc3 13. Bxc3 b5 14. Bxg7 Kxg7 15.
Qc3+ Kg8 16. Rfb1 Bf5 17. Rb2 Qb6 18. cxb5 Nc7 19. Qc4 Qxb5 20. Qh4 f6 21. e4
g5 22. Qh5 Bxe4 23. Nxg5 fxg5 24. Bxe4 Rf7 25. Qxg5+ Rg7 26. Qe3 Qd7 27. Rab1
Nb5 28. b4 c4 29. a4 c3 30. Rb3 1-0

[Event "Preferente Aragonesa Grupo B"]
[Site "Aragon"]
[Date "2017.02.25"]
[Round "5.54"]
[White "Pes Mateo, Angel"]
[Black "Cebollada Pacheco, Jesus Raul"]
[Result "1/2-1/2"]
[WhiteElo "1955"]
[BlackElo "2061"]
[PlyCount "114"]
[EventDate "2017.01.28"]
[WhiteTeam "Delicias B"]
[BlackTeam "St. Casablanca D"]

1. d4 Nf6 2. Nf3 g6 3. Bf4 Bg7 4. h3 O-O 5. e3 d6 6. Be2 Nbd7 7. O-O Ne4 8. a4
e5 9. Bh2 Qe7 10. Na3 a6 11. c3 Kh8 12. Ne1 f5 13. Nc4 f4 14. exf4 exf4 15. Nd3
d5 16. Nd2 g5 17. Bf3 Ndf6 18. Re1 Bf5 19. Ne5 c5 20. Bg4 Bxg4 21. hxg4 cxd4
22. cxd4 Qb4 23. Ndf3 Rac8 24. Qe2 Rc7 25. Rac1 Qd6 26. Rxc7 Qxc7 27. Nxg5 Nxg5
28. Bxf4 Ne6 29. Ng6+ hxg6 30. Bxc7 Nxc7 31. Qd3 Nxg4 32. Re7 Ne8 33. Qxg6 Ngf6
34. g4 Rg8 35. Qd3 Nxg4 36. Kf1 Nef6 37. f3 Nh6 38. Rxb7 Rf8 39. Qg6 Ne8 40.
Ke2 Nf5 41. Kd3 Nxd4 42. Rxg7 Nxg7 43. Kxd4 Rf4+ 44. Kxd5 Rxa4 45. Qc6 Ra5+ 46.
Kc4 Rf5 47. Qe4 a5 48. b3 Kg8 49. Kd3 Kh8 50. Qh4+ Rh5 51. Qd8+ Kh7 52. Qc7 Rf5
53. Ke4 Rb5 54. Qc4 Rb4 55. Kd5 Rxc4 56. Kxc4 Ne6 57. Kb5 Nd4+ 1/2-1/2